Central Library OPAC University of Rajshahi

মধুমালা : (Record no. 44484)

MARC details
000 -LEADER
fixed length control field 00732nam a2200229 a 4500
001 - CONTROL NUMBER
control field 44484
003 - CONTROL NUMBER IDENTIFIER
rucl marc code BD-RjUL
005 - DATE AND TIME OF LATEST TRANSACTION
control field 20211209053851.0
008 - FIXED-LENGTH DATA ELEMENTS--GENERAL INFORMATION
fixed length control field 160718b 1958bg ||||| |||| 00| 0 ben d
020 ## - INTERNATIONAL STANDARD BOOK NUMBER
Terms of availability :Tk.2.00
035 ## - SYSTEM CONTROL NUMBER
System control number (BD-RjUL)44602
040 ## - CATALOGING SOURCE
Original cataloging agency BD-RjUL
Language of cataloging ben
Transcribing agency BD-RjUL
041 ## - LANGUAGE CODE
Language code of text/sound track or separate title ben
082 ## - DEWEY DECIMAL CLASSIFICATION NUMBER
Edition number 23
Classification number 891.442
Author mark and year ISM 1958
100 ## - MAIN ENTRY--PERSONAL NAME
Personal name ইসলাম, কাজী নজরুল
9 (RLIN) 136528
245 ## - TITLE STATEMENT
Title মধুমালা :
Remainder of title গীতি-নাট্য /
260 ## - PUBLICATION, DISTRIBUTION, ETC. (IMPRINT)
Place of publication, distribution, etc. ঢাকা :
Name of publisher, distributor, etc. ভারতী লাইব্রেরী,
Date of publication, distribution, etc. ১৯৫৮
300 ## - PHYSICAL DESCRIPTION
Pagination ৯৪ পৃ.;
Size ২০ সেমি।
650 ## - SUBJECT ADDED ENTRY--TOPICAL TERM
Topical term or geographic name as entry element বাংলা নাটক
9 (RLIN) 136529
Topical term or geographic name as entry element Bengali Drama
9 (RLIN) 136530
942 ## - ADDED ENTRY ELEMENTS (KOHA)
Source of classification or shelving scheme Dewey Decimal Classification
Koha item type Books
Holdings
Lost status Source of classification or shelving scheme Damaged status Not for loan Collection code Permanent Location Current Location Shelving location Date acquired Source of acquisition Cost, normal purchase price Total Checkouts Full call number Date last seen Date checked out Copy number Koha item type
  Dewey Decimal Classification     Non-fiction Central Library, University of Rajshahi Central Library, University of Rajshahi   17/10/1961 Komla Books 2.00 1 B 891.442 ISM 1958 27/01/2019 20/01/2019 C-2 Books
  Dewey Decimal Classification     Non-fiction Central Library, University of Rajshahi Central Library, University of Rajshahi   04/02/1967 Nawroge kitabstan, Dhaka 2.50   B 891.442 ISM 1958 20/07/2016   C-3 Books